A short history of planet earth : mountains, mammals, fire, and ice
Αποθηκεύτηκε σε:
| Κύριος συγγραφέας: | |
|---|---|
| Μορφή: | Βιβλίο |
| Γλώσσα: | English |
| Δημοσίευση: |
New York :
Wiley,
c1996.
|
| Σειρά: | Wiley popular science
|
| Θέματα: | |
| Ετικέτες: |
Προσθήκη ετικέτας
Δεν υπάρχουν, Καταχωρήστε ετικέτα πρώτοι!
|
MARC
| LEADER | 00000nam a2200000 a 4500 | ||
|---|---|---|---|
| 001 | 1/112569 | ||
| 008 | 161215t1996####nyu| ||| |||| ||eng|| | ||
| 020 | |a 0471148059 | ||
| 040 | |a GR-MyUa |b gre |c GR-MyUa |e AACR2 | ||
| 041 | 0 | |a eng | |
| 082 | 7 | |a 551.7 |2 (23) | |
| 100 | 1 | |a Macdougall, J. D. |d 1944- | |
| 245 | 1 | 0 | |a A short history of planet earth : |b mountains, mammals, fire, and ice / |c J.D. Macdougall. |
| 260 | |a New York : |b Wiley, |c c1996. | ||
| 300 | |a vi, 266 σ. : |b εικ. ; |c 25 εκ. | ||
| 490 | 1 | |a (Wiley popular science) | |
| 504 | |a Περιέχει ευρετήριο. | ||
| 650 | 0 | |a Historical geology. | |
| 830 | 0 | |a Wiley popular science | |
| 852 | |a INST |b SAMOS |e 20161215 |h 551.7 MAC |p 005300044062 |q 005300044062 |t BK |y 0 | ||
| 920 | |a Δανούσης |b Γιώργος |y Σάμος |z 2016-12 | ||
| 970 | |a Κοσιέρης |b Χρήστος |z 15-12-2016 | ||